000 00787nam a2200193 i 4500
001 68981
003 ES-MaACL
005 20230906170415.0
007 t|
008 040823s1904 sp ||||1| spa d
245 0 0 _aIndice de los papeles de la Junta Central Suprema Gubernativa del Reino y del consejo de Regencia publicado por el Archivo Histórico Nacional.
260 _aMadrid :
_b[s.n.],
_c1904 (
_fTip. de la Revista de Archivos, Bibliotecas y Museos)
300 _a102 p. ;
_c25 cm.
500 _aEncuadernado con otras obras.
500 _aEn anteportada: Junta Central Suprema Gubernativa del Reino y del Consejo de Regencia.
710 2 _aArchivo Histórico Nacional (España)
_91450
710 2 _aEspaña.
_bJunta Suprema Central.
_9141469
852 _aES-MaACL
_jC-2374(1)
999 _c68981
_d68981